000 01728nam a2200217Ia 4500
003 Ost
005 20260507074857.0
008 260507s9999||||xx |||||||||||||| ||und||
040 _cfsecg
041 _aara
082 _a330
100 _aمنصور، ممدوح محمود
_eمؤلف
245 0 _aالعولمة في دراسة المفهوم والأبعاد /
_c ممدوح محمود منصور
260 _aالاسكندرية:
_bالمكتب العربي الحديث,
_c2007
300 _a187 صفحة؛
_bإيضاحات ؛
_c24 سم
520 _aفي العولمة دراسة للمفهوم والظاهرة والمنطلقات: في التعريف بمفهوم العولمة، في التمييز بين مفهومي العولمة والعالمية، العولمة عملية، في العولمة كظاهرة، العولمة بين القديم والحديث، في الاتجاهات المختلفة في تفسير ظاهرة العولمة، في العولمة دراسة للأبعاد والآثار المختلفة للظاهرة، في الأبعاد السياسية للعولمة، في الأبعاد الاقتصادية للعولمة، في الأبعاد الثقافية للعولمة، في الأبعاد الاجتماعية للعولمة، في الأبعاد العسكرية للعولمة، في الأبعاد السكانية للعولمة، في الأبعاد الاتصالية للعولمة، في الأبعاد التقنية للعولمة، في الأبعادد البيئية للعولمة، في الأبعاد المعرفية للعولمة
653 _aالاقتصاد
653 _aالسياسة
653 _aالعولمة
942 _cكتاب
999 _c41623
_d41623